| 000 | 00485nam a2200181Ia 4500 | ||
|---|---|---|---|
| 003 | GCL | ||
| 008 | 140319s9999 xx 000 0 ara d | ||
| 040 |
_aGCL / _cGCL |
||
| 082 | 0 | 4 |
_a813 _bف ا |
| 100 | 1 | _aفؤاد كنعان | |
| 245 | 1 | 0 |
_aاولا... واخرا وبين بين. / _cفؤاد كنعان |
| 260 |
_a[S.N] : _bدار لحد خاطر ، _c1987 |
||
| 300 | _a171 ص | ||
| 490 | _a | ||
| 650 | 0 | 4 | _aالادب العربى |
| 650 | 0 | 4 | _aالقصص |
| 942 |
_2ddc _cBK |
||
| 999 |
_c30623 _d30623 |
||